Normal view
MARC view
- Barker, Robert.J , Schamiloglu, Edl
Entry Personal Name
001 - CONTROL NUMBER
- control field: 63137
003 - CONTROL NUMBER IDENTIFIER
- control field: NUST
005 - DATE AND TIME OF LATEST TRANSACTION
- control field: 20210628203051.0
008 - FIXED-LENGTH DATA ELEMENTS
- fixed length control field: 210628|| aca||aabn | a|a d
040 ## - CATALOGING SOURCE
- Original cataloging agency: NUST
- Transcribing agency: NUST
100 ## - HEADING--PERSONAL NAME
- Personal name: Barker, Robert.J , Schamiloglu, Edl
670 ## - SOURCE DATA FOUND
- Source citation: Work cat.: (NUST): Barker, Robert.J , Schamiloglu, Edl, High-power microwave sources and technologies, 2001
